LEADER 01040nam0-2200325---450- 001 990005282850403321 005 20121120165439.0 035 $a000528285 035 $aFED01000528285 035 $a(Aleph)000528285FED01 035 $a000528285 100 $a19990604d1977----km-y0itay50------ba 101 0 $aita 102 $aIT 105 $ay-------001yy 200 1 $aLirica mediolatina$esequenza e tropo$fFrancesca Liberatore Fiorani 210 $a[Roma]$cEdizioni dell'Ateneo & Bizzarri$d1977 215 $a123 p.$d22 cm 225 1 $aNuovi saggi$v68 610 0 $aPoesia religiosa latina$aSec. 9.-13. 676 $a871.03$v22$zita 700 1$aLiberatore Fiorani,$bFrancesca$0192748 801 0$aIT$bUNINA$gRICA$2UNIMARC 901 $aBK 912 $a990005282850403321 952 $aP2B-270-LIBERATORE FIORANI F.-1977$bIst.St.rel. 1905$fFLFBC$mBRAU-28365 952 $aP2B-270-LIBERATORE FIORANI F.-1977 bis$bIst.Fil.mod. 30003$fFLFBC$mBRAU-28366 959 $aFLFBC 996 $aLirica mediolatina$9537648 997 $aUNINA LEADER 03676nam 22006614a 450 001 9910450437203321 005 20200520144314.0 010 $a9786612762888 010 $a1-282-76288-5 010 $a0-520-93708-2 010 $a1-59734-483-4 024 7 $a10.1525/9780520937086 035 $a(CKB)1000000000024203 035 $a(EBL)224796 035 $a(OCoLC)475931969 035 $a(SSID)ssj0000109632 035 $a(PQKBManifestationID)11114014 035 $a(PQKBTitleCode)TC0000109632 035 $a(PQKBWorkID)10046378 035 $a(PQKB)11479905 035 $a(MiAaPQ)EBC224796 035 $a(DE-B1597)520887 035 $a(OCoLC)56733684 035 $a(DE-B1597)9780520937086 035 $a(Au-PeEL)EBL224796 035 $a(CaPaEBR)ebr10068540 035 $a(CaONFJC)MIL276288 035 $a(EXLCZ)991000000000024203 100 $a20030320d2004 ub 0 101 0 $aeng 135 $aurcn||||||||| 181 $ctxt 182 $cc 183 $acr 200 10$aBecoming sinners$b[electronic resource] $eChristianity and moral torment in a Papua New Guinea society /$fby Joel Robbins 210 $aBerkeley, Calif. $cUniversity of California Press$dc2004 215 $a1 online resource (413 p.) 225 1 $aEthnographic studies in subjectivity ;$v4 300 $aDescription based upon print version of record. 311 $a0-520-23799-4 311 $a0-520-23800-1 320 $aIncludes bibliographical references (p. 351-376) and index. 327 $aPart one : becoming sinners -- From salt to the law : contact and the early colonial period -- Christianity and the colonial transformation of regional relations -- Revival, second stage conversion, and the localization of the Urapmin Church -- Part two : living in sin -- Contemporary Urapmin in millennial time and space -- Willfulness, lawfulness, and Urapmin morality -- Desire and its discontents : free time and Christian morality -- Rituals of redemption and technologies of the self -- Millennialism and the contest of values -- Christianity, cultural change, and the moral life of the hybrid. 330 $aIn a world of swift and sweeping cultural transformations, few have seen changes as rapid and dramatic as those experienced by the Urapmin of Papua New Guinea in the last four decades. A remote people never directly "missionized," the Urapmin began in the 1960's to send young men to study with Baptist missionaries living among neighboring communities. By the late 1970's, the Urapmin had undergone a charismatic revival, abandoning their traditional religion for a Christianity intensely focused on human sinfulness and driven by a constant sense of millennial expectation. Exploring the Christian culture of the Urapmin, Joel Robbins shows how its preoccupations provide keys to understanding the nature of cultural change more generally. In so doing, he offers one of the richest available anthropological accounts of Christianity as a lived religion. Theoretically ambitious and engagingly written, his book opens a unique perspective on a Melanesian society, religious experience, and the very nature of rapid cultural change. 410 0$aEthnographic studies in subjectivity ;$v4. 606 $aChristianity$zPapua New Guinea$zUrapmin 607 $aUrapmin (Papua New Guinea)$xReligious life and customs 608 $aElectronic books. 615 0$aChristianity 676 $a306.6/09957/7 700 $aRobbins$b Joel$f1961-$01000270 801 0$bMiAaPQ 801 1$bMiAaPQ 801 2$bMiAaPQ 906 $aBOOK 912 $a9910450437203321 996 $aBecoming sinners$92472697 997 $aUNINA LEADER 02790nas 2200733-a 450 001 996336729503316 005 20240413021555.0 011 $a2047-4016 035 $a(CKB)963018070662 035 $a(CONSER)---86645899- 035 $a(MiAaPQ)2034967 035 $a(DE-599)ZDB2068001-6 035 $a(EXLCZ)99963018070662 100 $a19860807a19869999 --- - 101 0 $aeng 181 $ctxt$2rdacontent 182 $cc$2rdamedia 183 $acr$2rdacarrier 200 00$aCountry report$iFrance /$fEIU, the Economist Intelligence Unit 210 $aLondon, U.K. $cThe Unit$d©1986- 215 $a1 online resource 311 $aPrint version: Country report. (DLC) 86645899 (OCoLC)14055530 0269-5286 517 1 $aFrance 531 $aFRANCE COUNTRY REPORT EIU 531 $aCOUNTRY REPORT FRANCE ANALYSIS OF ECONOMIC AND POLITICAL TRENDS EVERY QUARTER 531 0 $aCtry. rep., Fr. 606 $aEconomic forecasting$zFrance$vPeriodicals 606 $aPrévision économique$zFrance$vPériodiques 606 $aEconomic forecasting$2fast$3(OCoLC)fst00901942 606 $aEconomic history$2fast$3(OCoLC)fst00901974 606 $aPolitics and government$2fast$3(OCoLC)fst01919741 606 $aEconomische situatie$2gtt 606 $aPolitieke situatie$2gtt 606 $aEconomische geografie$2gtt 607 $aFrance$xEconomic conditions$y1981-1995$vPeriodicals 607 $aFrance$xPolitics and government$y1981-1995$vPeriodicals 607 $aFrance$xEconomic conditions$y1945-$vPeriodicals 607 $aFrance$xPolitics and government$y1995-2007$vPeriodicals 607 $aFrance$xPolitics and government$y2007-2012$vPeriodicals 607 $aFrance 607 $aFrance$xConditions économiques$y1981-$xPériodiques 607 $aFrance$xConditions économiques$y1981-1995$vPériodiques 607 $aFrance$xPolitique et gouvernement$y1981-1995$vPériodiques 607 $aFrance$xConditions économiques$y1945-$vPériodiques 607 $aFrance$xPolitique et gouvernement$y1995-2007$vPériodiques 607 $aFrance$xPolitique et gouvernement$y2007-2012$vPériodiques 607 $aFrance$2fast 608 $aPeriodicals.$2fast 610 $aFrance$aEconomic conditions$aSerials 615 0$aEconomic forecasting 615 6$aPrévision économique 615 7$aEconomic forecasting. 615 7$aEconomic history. 615 7$aPolitics and government 615 17$aEconomische situatie. 615 17$aPolitieke situatie. 615 17$aEconomische geografie. 676 $a330.944/005 712 02$aEconomist Intelligence Unit (Great Britain) 906 $aJOURNAL 912 $a996336729503316 920 $aexl_impl conversion 996 $aCountry Report$91321002 997 $aUNISA